000 01500nam a22003977a 4500
001 000095071
003 CHAP
005 20220329143055.0
008 051214d2005 mx abd r 00110 spa d
010 _a91537
011 _a92509
035 _a103073
040 _cCHAP
090 _aTesis
100 0 0 _aFlores Perea, Berenice.
_941680
245 1 0 _aProducción y exportación de aceite de aguacate en la empresa Avoleo S. A. de C. V. /
_c/por Berenice Flores Perea y Laura Julieta Ponce Mota.
260 _aChapingo, Méx. :
_bEl autor,
_c2005.
300 _a97 h. :
_bilus. ; gráfs. ; mapa ; cuadros ; diagrama.
502 _aTesis (Lic. en Economía Agrícola) -- UACH. División de Ciencias Económico Administrativas
590 _aALEPH
_b10
_c20130110
_lUCH01
_h1508
590 _aBATCH-UPD
_b10
_c20130110
_lUCH01
_h0421
590 _aBATCH-UPD
_b10
_c20140324
_lUCH01
_h1453
590 _aBATCH-UPD
_b10
_c20141002
_lUCH01
_h0828
590 _aCONVERSION
_b10
_c20130109
_lUCH01
_h1351
590 _aE792CSJ
_b10
_c20130617
_lUCH01
_h0951
650 1 4 _aAceite de aguacate.
_9418
650 1 4 _aAguacate
_xIndustria.
_92525
700 0 _aPonce Mota, Laura Julieta.
_990802
856 _3Finding aid
_uhttp://10.13.5.2/tesis/103073.pdf
_zTeclea aquí
901 _aBK
905 _aMarco A. Mendoza T.
942 _cCD
942 _n0
949 _aTesis
_bBC
_cTES
_d1030731
_eTS1
_gDonaciØn
_h44471
_i103073
_sb
949 _aTesis
_bBC
_cTES
_d33724000967659
_eTS2
_fc.2
_gDonaciØn
_h44472
_i103073
_si
999 _c91537
_d91537